| 000 | 00811 a2200181 4500 | ||
|---|---|---|---|
| 003 | NUST | ||
| 005 | 20230726114817.0 | ||
| 040 | _cNust | ||
| 082 | _a621.3824,SUR | ||
| 100 |
_aCamm, F.J. _941027 |
||
| 245 |
_aThe superhet manual / _cEdited by F. J. Camm |
||
| 250 | _a3rd ed. | ||
| 260 |
_aLondon _bGeroge Newnes Limited _c1941 |
||
| 300 | _a136 p.; | ||
| 505 | _aFundamental Principles of Radio (Page-9), Problems of Selectivity (Page-26), Valve Fundamentals (Page-50), The Principle of the Superhet (Page-78), General Design (Page-91), Aerial Design (Page-96), Variable Selectivity and the Superhet (Page-100), Noise Suppression and A.V.E (Page-106), Tone Control (Page-110), Servicing with the Cathode Ray Tube (Page-116). | ||
| 650 | _aTelecommunication engineering | ||
| 942 |
_2ddc _cBK _k621.3824,SUR |
||
| 999 |
_c182911 _d182911 |
||